| 000 | 00205nam a22000737a 4500 | ||
|---|---|---|---|
| 999 |
_c24690 _d24690 |
||
| 003 | Nust | ||
| 005 | 20170515114642.0 | ||
| 008 | 140620b xxu||||| |||| 00| 0 eng d | ||
| 020 |
_cAvailable _a0071229973 |
||
| 040 |
_aDLC _bDLC _cRCMS |
||
| 050 | _a621.3822 HSU | ||
| 082 |
_22nd,ed. _a621.3822 HSU |
||
| 100 |
_aHsu,Hwet _9231 |
||
| 245 | _aSchaum's Outline of Analog and Digital Communication | ||
| 250 | _a2nd,ed. | ||
| 260 |
_aSingapore _bMcGraw-Hill _cc2003 |
||
| 300 |
_avi,330,p: _bill: _c27,cm. |
||
| 538 | _iShelf # 15, Row # 2, Communication. | ||
| 650 |
_aelectrical engineering _9208 |
||
| 856 | _3Table of Content Only | ||
| 942 |
_2ddc _cBK |
||